Muslim politics in India. (Record no. 831)

MARC details
000 -LEADER
fixed length control field 00489cam a2200193ua 4500
001 - CONTROL NUMBER
control field 908
005 - DATE AND TIME OF LATEST TRANSACTION
control field 20260515113237.0
008 - FIXED-LENGTH DATA ELEMENTS--GENERAL INFORMATION
fixed length control field 110423n ii |||gr||||Z||||||eng
040 ## - CATALOGING SOURCE
Transcribing agency MAIN
082 ## - DEWEY DECIMAL CLASSIFICATION NUMBER
Classification number 320.95402971
245 1# - TITLE STATEMENT
Title Muslim politics in India.
Statement of responsibility, etc. By Hamid Dalwai.
250 ## - EDITION STATEMENT
Edition statement 1st.
260 ## - PUBLICATION, DISTRIBUTION, ETC.
Place of publication, distribution, etc. Bombay:
Name of publisher, distributor, etc. Nachiketa publications.,969.
300 ## - PHYSICAL DESCRIPTION
Extent 110 p.:6 cm.
653 ## - INDEX TERM--UNCONTROLLED
Uncontrolled term Political science.
653 ## - INDEX TERM--UNCONTROLLED
Uncontrolled term Muslim politics in India.
700 1# - ADDED ENTRY--PERSONAL NAME
Personal name Dalwai, Hamid.,
942 ## - ADDED ENTRY ELEMENTS (KOHA)
Koha item type Books
Holdings
Withdrawn status Lost status Damaged status Not for loan Home library Current library Shelving location Date acquired Total checkouts Full call number Barcode Date last seen Copy number Price effective from Koha item type
        Naharkatiya College Library Naharkatiya College Library General stacks 09/19/2020   320.95402971 | HAM 141 09/19/2020 1 09/19/2020 Books